000 00780nam a22002417a 4500
003 OSt
005 20240924083540.0
008 240924b |||||||| |||| 00| 0 eng d
020 _a9780443067211
040 _aDWCL-main lib.
_cOC
082 _aGR. 611 G778 2008
245 _aGray’s Atlas of Anatomy /
_cDrake Richard L. [and 4 others]
260 _a Philadelphia :
_bChurhchill Livingstone Elsevier,
_cc2008.
300 _axvi, 558 pages :
_bcolor illustrations ;
_c28cm.
504 _aIncludes bibliographical references and index.
650 _aAnatomy
_vAtlases
700 _aDrake, Richard L.
700 _aVogl, A. Wayne
700 _aMitchell, Adam W.M.
700 _aTibbitts, Richard M.
700 _aRichardson, Paul E.
942 _2ddc
_cGR
_kGR. 611 G778 2008
_n1
999 _c3096
_d3096